Memoria referente al desarrollo, estado y servicio de las carreteras provinciales y de los caminos vecinales en esta Provincia, durante el quinquenio de 1888 a 1893, redactada / por la Dirección de Obras Públicas Provinciales
Descripción Física:
125 p., [8] p. , 26 cm
MARC
| LEADER | 00000nam a2200000Ia 4500 | ||
|---|---|---|---|
| 001 | 11225 | ||
| 003 | BGR | ||
| 005 | 20260324175648.0 | ||
| 008 | 160829s1894 xx 000 0 cat d | ||
| 080 | |a C-1-175 | ||
| 110 | 1 | |a Barcelona (Catalunya : Província). |b Diputació |9 52408 | |
| 245 | |a Memoria referente al desarrollo, estado y servicio de las carreteras provinciales y de los caminos vecinales en esta Provincia, durante el quinquenio de 1888 a 1893, redactada / por la Dirección de Obras Públicas Provinciales | ||
| 260 | |a Barcelona : |b (Est. Tip. Casa Prov. de Caridad), |c 1894 | ||
| 300 | |a 125 p., [8] p. , 26 cm | ||
| 590 | |a Abans del títol: Diputación Provincial de Barcelona | ||
| 650 | |a Carreteres |x Barcelona (Província) |x Memòries |9 37087 | ||
| 650 | |a Camins |x Barcelona (Província) |x Memòries |9 37088 | ||
| 901 | |a Arxiu | ||
| 942 | |n 1 |2 udc |c MON | ||
| 952 | |0 0 |1 0 |4 0 |6 C1175 |7 1 |9 47646 |a Arxiu |b Arxiu |d 2016-12-01 |l 0 |o C-1-175 |p 11225 |r 2016-12-01 00:00:00 |w 2016-12-01 |y ARXIU | ||
| 999 | |c 51445 |d 51445 | ||